000 00772nam a2200289Ia 4500
005 20260324111956.0
008 008 260324s9999 xx 000 0 eng d
020 _a9781003519317
037 _aEBOOK
040 _aCRL
040 _beng
040 _cCRL
041 _2eng
041 _aeng
084 _qCRL
100 _aAndreas Schloenhardt; Monika Stempkowski; Bettina Weißer; Gian Ege
_91140789
245 0 _aOrganised Crime, Criminal Procedure, and Prisons
245 0 _bProsecuting and Punishing Organised Criminal Groups
260 _bTaylor and Francis
260 _c2025
365 _a
365 _b230
856 _uhttp://www.taylorfrancis.com/books/9781003519317
942 _cEBOOK
999 _c1729804
_d1729804